Sovereignty: Interpretations : (Record no. 614639)

MARC details
000 -LEADER
fixed length control field 00512nam a2200193 a 4500
008 - FIXED-LENGTH DATA ELEMENTS--GENERAL INFORMATION
fixed length control field 260220s2008##################000#0#eng##
020 ## - INTERNATIONAL STANDARD BOOK NUMBER
ISBN 9781403935823
082 04 - DEWEY DECIMAL CLASSIFICATION NUMBER
Classification number 320.15
Item number PEM
100 1# - MAIN ENTRY--AUTHOR NAME
Personal name Pemberton, Joanne,
245 10 - TITLE STATEMENT
Title Sovereignty: Interpretations :
260 ## - PUBLICATION, DISTRIBUTION, ETC. (IMPRINT)
Name of publisher Palgrave Macmillan,
Year of publication 2008.
300 ## - PHYSICAL DESCRIPTION
Number of Pages 288 pages
650 #0 - SUBJECT ADDED ENTRY--TOPICAL TERM
Topical Term Political Science.
942 ## - ADDED ENTRY ELEMENTS (KOHA)
Koha item type English Books
Holdings
Withdrawn status Lost status Damaged status Not for loan Home library Current library Shelving location Date acquired Full call number Accession Number Price effective from Koha item type
        Anna Centenary Library Anna Centenary Library 3RD FLOOR, B WING 20.02.2026 320.15 PEM 320729 20.02.2026 English Books

Find us on the map